<?xml version="1.0" encoding="UTF-8"?>
<record
    xmlns:xsi="http://www.w3.org/2001/XMLSchema-instance"
    xsi:schemaLocation="http://www.loc.gov/MARC21/slim http://www.loc.gov/standards/marcxml/schema/MARC21slim.xsd"
    xmlns="http://www.loc.gov/MARC21/slim">

  <leader>02349nam a2200325uu 4500</leader>
  <controlfield tag="001">1566944</controlfield>
  <controlfield tag="005">20241211091129.0</controlfield>
  <controlfield tag="007">cr|||||||</controlfield>
  <controlfield tag="008">220203s2022                        spa  </controlfield>
  <datafield tag="035" ind1=" " ind2=" ">
    <subfield code="a">1566944</subfield>
  </datafield>
  <datafield tag="040" ind1=" " ind2=" ">
    <subfield code="c">comduadb</subfield>
  </datafield>
  <datafield tag="041" ind1=" " ind2=" ">
    <subfield code="a">spa</subfield>
  </datafield>
  <datafield tag="100" ind1="1" ind2="0">
    <subfield code="a">Cardona Estrada, Lady Yolanda</subfield>
    <subfield code="4">aut</subfield>
    <subfield code="e">aut</subfield>
    <subfield code="9">818459</subfield>
  </datafield>
  <datafield tag="245" ind1="1" ind2="3">
    <subfield code="a">La LIJ como referente en la adquisici&#xF3;n del h&#xE1;bito lector</subfield>
  </datafield>
  <datafield tag="260" ind1=" " ind2=" ">
    <subfield code="a">Amalfi (Antioquia) :</subfield>
    <subfield code="b">Autores (as),</subfield>
    <subfield code="c">2022.</subfield>
  </datafield>
  <datafield tag="300" ind1=" " ind2=" ">
    <subfield code="a">Archivo en Repositorio Institucional</subfield>
  </datafield>
  <datafield tag="520" ind1="3" ind2=" ">
    <subfield code="a">RESUMEN : Este trabajo se centra en el fortalecimiento de los h&#xE1;bitos de lectura de los estudiantes del programa Ciclos Lectivos Integrados (CLEI IV, nocturna) de la instituci&#xF3;n Educativa Eduardo Fern&#xE1;ndez Botero del municipio de Amalfi, Antioquia, a partir del cuento policial juvenil, con una muestra de 26 estudiantes mediante el modelo cualitativo; es por ello que se estableci&#xF3; la creaci&#xF3;n de cuatro talleres que  permitieron visualizar y percibir los conocimientos, los factores escolares, personales y familiares, relacionados con los h&#xE1;bitos de lectura, el comportamiento lector y las incidencias de la Literatura infantil y juvenil en el rendimiento acad&#xE9;mico. Los resultados se describen mediante gr&#xE1;ficas compuestas por figuras y tablas con su respectivo an&#xE1;lisis cualitativo, el cual permiti&#xF3; conocer tanto las falencias como las potencialidades en los procesos de ense&#xF1;anza y aprendizaje. Se puede concluir que existe la necesidad relevante en la formaci&#xF3;n y capacitaci&#xF3;n de los docentes acerca de incentivar el h&#xE1;bito lector en los estudiantes y la importancia de estrategias curriculares como la implementaci&#xF3;n de un plan lector.</subfield>
  </datafield>
  <datafield tag="650" ind1=" " ind2="7">
    <subfield code="a">Literatura juvenil</subfield>
    <subfield code="2">lemb</subfield>
    <subfield code="9">223232</subfield>
  </datafield>
  <datafield tag="650" ind1=" " ind2=" ">
    <subfield code="a">H&#xE1;bito de lectura - Colombia</subfield>
    <subfield code="9">153355</subfield>
  </datafield>
  <datafield tag="650" ind1=" " ind2=" ">
    <subfield code="a">Rendimiento acad&#xE9;mico - Antioquia (Colombia)</subfield>
    <subfield code="9">216064</subfield>
  </datafield>
  <datafield tag="650" ind1=" " ind2="7">
    <subfield code="a">Planificaci&#xF3;n curricular</subfield>
    <subfield code="2">lemb</subfield>
    <subfield code="9">7335</subfield>
  </datafield>
  <datafield tag="650" ind1=" " ind2=" ">
    <subfield code="a">Ense&#xF1;anza de la lengua materna</subfield>
    <subfield code="9">175720</subfield>
  </datafield>
  <datafield tag="650" ind1=" " ind2="7">
    <subfield code="a">Lectura</subfield>
    <subfield code="x">Ense&#xF1;anza</subfield>
    <subfield code="2">lemb</subfield>
    <subfield code="9">1291</subfield>
  </datafield>
  <datafield tag="650" ind1=" " ind2=" ">
    <subfield code="a">Planificaci&#xF3;n de la educaci&#xF3;n</subfield>
    <subfield code="9">28238</subfield>
  </datafield>
  <datafield tag="700" ind1="1" ind2="0">
    <subfield code="a">Orozco Madrigal, Stefan&#xED;a</subfield>
    <subfield code="4">aut</subfield>
    <subfield code="e">aut</subfield>
    <subfield code="9">822187</subfield>
  </datafield>
  <datafield tag="700" ind1="1" ind2="0">
    <subfield code="a">Pineda Mac&#xED;as, Luisa Fernanda</subfield>
    <subfield code="4">aut</subfield>
    <subfield code="e">aut</subfield>
    <subfield code="9">818460</subfield>
  </datafield>
  <datafield tag="700" ind1="1" ind2="0">
    <subfield code="a">Castrill&#xF3;n Monsalve, Vanesa</subfield>
    <subfield code="4">ths</subfield>
    <subfield code="e">ths</subfield>
    <subfield code="9">741082</subfield>
  </datafield>
  <datafield tag="856" ind1="4" ind2=" ">
    <subfield code="u">http://bibliotecadigital.udea.edu.co/handle/10495/27568</subfield>
  </datafield>
  <datafield tag="942" ind1=" " ind2=" ">
    <subfield code="c">BOOK</subfield>
    <subfield code="n">0</subfield>
  </datafield>
  <datafield tag="999" ind1=" " ind2=" ">
    <subfield code="c">843008</subfield>
    <subfield code="d">843008</subfield>
  </datafield>
</record>
